ជ្រូកតច្ឆក: : (Record no. 8721)

MARC details
000 -LEADER
fixed length control field 02241nam a22003017a 4500
001 - CONTROL NUMBER
control field 8721
003 - CONTROL NUMBER IDENTIFIER
control field FISKH
005 - DATE AND TIME OF LATEST TRANSACTION
control field 20251014085006.0
008 - FIXED-LENGTH DATA ELEMENTS--GENERAL INFORMATION
fixed length control field 251014b cb ||||| |||| 00| 0 eng d
020 ## - INTERNATIONAL STANDARD BOOK NUMBER
International Standard Book Number 9789996301452
040 ## - CATALOGING SOURCE
Original cataloging agency FISKH
Language of cataloging khr
Transcribing agency FISKH
Modifying agency FISKH
082 ## - DEWEY DECIMAL CLASSIFICATION NUMBER
Classification number 398.24
100 ## - MAIN ENTRY--PERSONAL NAME
Personal name Sotheary, Kimsun
245 ## - TITLE STATEMENT
Title ជ្រូកតច្ឆក: :
Remainder of title Boar Tajaka ( The obedient boar ) /
Statement of responsibility, etc. រៀបរៀងដោយ អ្នកស្រី គឹមស៊ុន​ សុធារី
260 ## - PUBLICATION, DISTRIBUTION, ETC.
Place of publication, distribution, etc. Phnom Penh :
Name of publisher, distributor, etc. Reading Books ,
Date of publication, distribution, etc. 2012.
300 ## - PHYSICAL DESCRIPTION
Extent 20 pages :
Other physical details color illustrations ;
Dimensions 25 cm .
490 ## - SERIES STATEMENT
Series statement ពិភពរឿងនិទាន
505 ## - FORMATTED CONTENTS NOTE
Formatted contents note K <br/>
520 ## - SUMMARY, ETC.
Summary, etc. រឿងនេះមានបំនងអប់រំប្អូនកុំអោយមើលងាយនិងជិះជាន់លើអ្នកតូចតាចដែលមានកំលាំងទន់ខ្សោយជាងខ្លួន ហើយកុំស្តាប់ពាក្យញុះញុងរបស់ជនខិលខូចដែលល្អតែសម្រកក្រៅ ចង់បានតែផលប្រយោជន៏ផ្ទាល់ខ្លួន អាចជំរុញអោយយើងទៅរកភាពអន្តរាយដល់ជីវិត ។ ការតស៊ូនិងការរួបរួមកម្លាំងសាមគ្គីគ្នាគង់តែបានជ័យជំនះ ។​
520 ## - SUMMARY, ETC.
Summary, etc. This story aims at educating the children not to scorn, or to oppress anyone who is inferior to them . The story also advises the children not to listen to the incitement of the evil persons who are pretended to be good by their appearance, but wicked mind and what they are thinking is their interest . As a result , the evil person can harm his life to death . The perseverance and solidarity will surely bring success in overcoming this danger .
521 8# - TARGET AUDIENCE NOTE
Target audience note 510 <br/>
Source Lexile estimate <br/>
521 8# - TARGET AUDIENCE NOTE
Target audience note K <br/>
Source Raz-Plus <br/>
650 ## - SUBJECT ADDED ENTRY--TOPICAL TERM
Topical term or geographic name entry element ជ្រូកតច្ឆក:
Form subdivision រៀងនិទានកុមារ
650 ## - SUBJECT ADDED ENTRY--TOPICAL TERM
Topical term or geographic name entry element Boar Tajaka
Form subdivision Children's Stories
700 ## - ADDED ENTRY--PERSONAL NAME
Personal name U , May
Relator term Illustrtor
942 ## - ADDED ENTRY ELEMENTS (KOHA)
Source of classification or shelving scheme Dewey Decimal Classification
Koha item type Khmer Books
Suppress in OPAC No
Holdings
Withdrawn status Lost status Source of classification or shelving scheme Damaged status Not for loan Collection Home library Current library Shelving location Date acquired Total Checkouts Full call number Barcode Date last seen Date last checked out Copy number Price effective from Koha item type
    Dewey Decimal Classification     Khmer-English Bilingual / ភាសាខ្មែរ-អង់គ្លេស Footprints International School Library Network Toul Tom Poung Campus Footprints International School Library Network Toul Kork Campus TTP Primary Khmer Bookshelves 10/14/2025 2 SOT PZ7 398.24 FISBK03830 12/18/2025 12/11/2025 1 10/14/2025 Khmer Books
    Dewey Decimal Classification     Khmer-English Bilingual / ភាសាខ្មែរ-អង់គ្លេស Footprints International School Library Network Toul Tom Poung Campus Footprints International School Library Network Toul Kork Campus TTP Primary Khmer Bookshelves 11/10/2025 1 SOT PZ7 398.24 FISBK03711 11/27/2025 11/13/2025 2 11/10/2025 Khmer Books